| 000 | 00588nam a2200193Ia 4500 | ||
|---|---|---|---|
| 005 | 20250326144839.0 | ||
| 008 | 250326s9999 xx 000 0 und d | ||
| 020 | _a0-8213-6063-9 | ||
| 037 | _aTextbook | ||
| 040 |
_aFMSL _beng _cFMSL |
||
| 041 |
_aeng _2eng |
||
| 084 |
_aX:51(X:89ZB) P6 _qFMSL |
||
| 100 |
_aEvenett S J _9749331 |
||
| 245 | 0 |
_aEconomic development and multilateral trade cooperation _cEvenett S J; Hoekman B M |
|
| 260 |
_aWashington _bWashington, World Bank _c2006 |
||
| 300 | _a476p | ||
| 942 |
_cTB _hX:51(X:89ZB) P6 |
||
| 999 |
_c1305298 _d1305298 |
||